Normal view MARC view
  • Miles, Becky

Entry Personal Name

Number of records used in: 1

001 - CONTROL NUMBER

  • control field: 84214

003 - CONTROL NUMBER IDENTIFIER

  • control field: NUST

005 - DATE AND TIME OF LATEST TRANSACTION

  • control field: 20211116142012.0

008 - FIXED-LENGTH DATA ELEMENTS

  • fixed length control field: 211116|| aca||aabn | a|a d

040 ## - CATALOGING SOURCE

  • Original cataloging agency: NUST
  • Transcribing agency: NUST

100 ## - HEADING--PERSONAL NAME

  • Personal name: Miles, Becky

670 ## - SOURCE DATA FOUND

  • Source citation: Work cat.: (NUST): Miles, Becky , 6000 Amazing Facts, 2019.
© 2023 Central Library, National University of Sciences and Technology. All Rights Reserved.